Statistics for Countries that have won 'World Strongest Man'

Click here to take the quiz!

General Stats

  • This quiz has been taken 59 times
  • The average score is 7 of 10

Answer Stats

Answer% Correct
5 (winners)USA
100%
4 (winners)UK
94%
1 (winner)Poland
82%
2 (winners)Finland
78%
1 (winner)Norway
78%
1 (winner)Sweden
78%
3 (winners)Iceland
76%
1 (winner)Ukraine
67%
1 (winner)Lithuania
65%
1 (winner)Holland
29%

Score Distribution

Percentile by Number Answered

Percent of People with Each Score

Your Score History

You have not taken this quiz